مذكرات عالم بحار / (Record no. 14525)

MARC details
000 -الفاتح
حقل البيانات ثابتة الطول 01455nam a22002777i 4500
003 - محدد رقم الضبط
رقم الضبط EG-ScBUE
005 - وقت وتاريخ اخر تعامل مع التسجيلة
رقم الضبط 20260428091529.0
008 - عناصر البيانات ثابتة الطول - معلومات عامة
حقل البيانات ثابتة الطول 100722s1996 ua frb | 000 0 ara d
017 ## - رقم الإيداع القانونى
رقم الإيداع القانونى 1996 / 5648
020 ## - الرقم الدولى المعيارى للكتب
الرقم الدولى المعيارى للكتاب 9771908685
040 ## - مصدر الفهرسة
وكالة الفهرسة الأصلية EG-ScBUE
لغة الفهرسة ara
قواعد الوصف rda
وكالة النسخ EG-ScBUE
وكالة التعديل EG-ScBUE
082 04 - رقم تصنيف ديوى العشرى
رقم التصنيف 551.4608
رقم المادة ع ل ي
رقم الطبعة 22
100 1# - المدخل الرئيسى - إسم شخصى
9 (RLIN) 16643
الإسم الشخصى عبد العليم، أنور،
الدور مؤلف.
245 10 - بيان العنوان
العنوان مذكرات عالم بحار /
بيان المسئوليه,etc د. أنور عبد العليم، دكتوراه في فلسفة العلوم Ph.D. من جامعة لندن ودكتوراه العلوم D.Sc. من نفس الجامعة، أستاذ ورئيس قسم علوم البحار الأسبق بجامعة الإسكندرية وجامعة الملك عبد العزيز بجدة، خبير سابق بمنظمة اليونسكو الدولية الحائز على جائزة الدولية المصرية وجائزة الكويت للتقدم العلمي.
250 ## - بيان الطبعة
بيان الطبعة الطبعة الأولى.
264 #1 - النشر، التوزيع
مكان الناشر او الموزع القاهرة :
اسم الناشر او الموزع مطابع الأهرام التجارية،
تاريخ النشر أو التوزيع 1996.
300 ## - الوصف المادى
التعداد 300 صفحة ؛
أبعاد الوعاء 24 سم
336 ## - نوع المحتوى
source rdacontent
Carrier Type Term نص
Content Type Code txt
337 ## - نوع الوسيط
Media Type Term بدون وسيط
source rdamedia
Media Type Code n
338 ## - نوع الحامل أو الناقل
Carrier Type Term مجلد
Carrier Type Code nc
source rdacarrier
504 ## - تبصرة ببليوجرافية
تبصرة ببليوجرافية,الخ يشتمل على إرجاعات ببليوجرافية.
541 ## - تبصرة المصدر المباشر للتزويد
مصدر التزويد ألف باء ؛
طريقة التزويد شراء ؛
650 #7 - المدخل الاضافى بالموضوع-مصطلح موضوعى
9 (RLIN) 16644
مصطلح موضوعي أو اسم جغرافي كعنصر مدخل البحار
التقسيم الفرعي العام علم.
مصدر الرأس أو المصطلح BUEsh
655 ## - مصطلح تكشيفى-نوع/شكل
التقسيم الفرعي الشكلي Reading book
942 ## - عناصر المدخل الإضافي( كوها)
مصدر التصنيف او مخطط الترفيف Dewey Decimal Classification
Koha [default] item type Book - Borrowing
Holdings
حالة التراجع حالة الفقد مصدر التصنيف او خطة الترفيف حالة تلف ليس للاعارة مجموعات كوها المكان الدائم المكان الحالي موقع الترفيف تاريخ الاكتساب Source of acquisition رقم الاستدعاء الباركود Date last seen نوع الوعاء
    Dewey Decimal Classification     Alef-Baa Central Library Central Library First floor 22/07/2010   551.4608 ع ل ي 000021585 15/07/2025 Book - Borrowing